Catálogo 2007: lider en sistemas portacables

Furkejuvvon:
Bibliográfalaš dieđut
Searvvušdahkki: Pemsa (Dahkki)
Materiálatiipa: Girji
Giella:espánnjágiella
Almmustuhtton: Madrid Pensa 2007
Fáttát:
Fáddágilkorat: Lasit fáddágilkoriid
Eai fáddágilkorat, Lasit vuosttaš fáddágilkora!

MARC

LEADER 00000nam a2200000 a 4500
001 UCH1826
003 CL-VaPUC
008 090514e20070000SP |||||||||||||||||spa|d
082 0 4 |a 621.31937  |b PEM  |2 21 
110 2 |a Pemsa  |e author  |9 536373 
245 1 0 |a Catálogo 2007: lider en sistemas portacables 
300 |a 136 p 
942 |c BK 
945 |d 20090514 00:00:00  |a rbrito 
260 |a Madrid  |b Pensa  |c 2007 
650 7 |a SISTEMAS PORTACABLES  |2 CL-VaPUC  |9 536374 
650 0 |a Aisladores  |9 444217 
650 7 |a DISPOSITIVOS ELECTRICOS  |2 CL-VaPUC  |9 487015 
583 |a last modification  |c 20090514 00:00:00  |k Rodrigo Vera 
999 |c 333723  |d 333721